000 01148nam a2200325 a 4500
001 000113284
003 CHAP
005 20240805130924.0
008 170531s2016 mx sm |||||||spa d
010 _a109745
011 _a110717
040 _cCHAP
090 _aTesis
100 1 _aAlvarado Ambriz, Sinai
_9126837
245 1 0 _aEmulsiones múltiples (W1/O/W2) geladas como sistemas multifuncionales
_h[En línea]
_cpor Sinai Avarado Ambriz.
260 _aChapingo, Méx. :
_bEl autor,
_c2016.
500 _aPara ver el contenido del material haga clic en la liga
502 _aTesis (M.C. en Tecnología Agroalimentaria) -- UACH. Departamento de Ingeniería Agroalimentaria
590 _aBATCH-UPD
_b05
_c20170531
_lUCH01
_h1101
590 _aBATCH
_b00
_c20181121
_lUCH01
_h0758
590 _aE5765TAJ
_b05
_c20170531
_lUCH01
_h1100
590 _aE5765TAJ
_b05
_c20170531
_lUCH01
_h1101
650 1 4 _aAditivos para alimentos.
_9132430
650 1 4 _aEmulsiones
_xAnálisis.
_9131923
856 _a1
_n0000249
856 _aFinding aid
_uhttp://10.13.5.2/tesis/sist113284.pdf
_zTeclea aquí
901 _aBK
942 _cTESIS
942 _n0
999 _c109745
_d109745